Goosebumps : (Record no. 7178)

MARC details
000 -LEADER
fixed length control field 00942nam a22002897a 4500
001 - CONTROL NUMBER
control field 7178
003 - CONTROL NUMBER IDENTIFIER
control field FISKH
005 - DATE AND TIME OF LATEST TRANSACTION
control field 20250701141638.0
008 - FIXED-LENGTH DATA ELEMENTS--GENERAL INFORMATION
fixed length control field 250701b cb ||||| |||| 00| 0 eng d
020 ## - INTERNATIONAL STANDARD BOOK NUMBER
International Standard Book Number 9780590463065
040 ## - CATALOGING SOURCE
Original cataloging agency FISKH
Language of cataloging eng
Transcribing agency FISKH
Modifying agency FISKH
050 ## - LIBRARY OF CONGRESS CALL NUMBER
Classification number PZ7.
082 ## - DEWEY DECIMAL CLASSIFICATION NUMBER
Classification number 813.54
100 ## - MAIN ENTRY--PERSONAL NAME
Personal name Stine, R.L
Dates associated with a name (1943-)
245 ## - TITLE STATEMENT
Title Goosebumps :
Remainder of title The werewolf of twisted tree lodge /
Statement of responsibility, etc. R.L.Stine
250 ## - EDITION STATEMENT
Edition statement This edition first published in 2015
260 ## - PUBLICATION, DISTRIBUTION, ETC.
Place of publication, distribution, etc. New York :
Name of publisher, distributor, etc. Scholastic,
Date of publication, distribution, etc. 1998
300 ## - PHYSICAL DESCRIPTION
Extent 137 pages :
Dimensions 20 cm
505 ## - FORMATTED CONTENTS NOTE
Formatted contents note R<br/>
520 ## - SUMMARY, ETC.
Summary, etc. Earning first place in a horror story contest, a literary winner is invited to spend a weekend with famous horror writers at the Twisted Tree Lodge, where everyone turns into werewolves.<br/>
521 8# - TARGET AUDIENCE NOTE
Target audience note 740<br/>
Source Lexile<br/>
521 8# - TARGET AUDIENCE NOTE
Target audience note R<br/>
Source Raz-Plus<br/>
650 ## - SUBJECT ADDED ENTRY--TOPICAL TERM
Source of heading or term Werewolves
Topical term or geographic name entry element Fantasy
650 ## - SUBJECT ADDED ENTRY--TOPICAL TERM
Source of heading or term Goosebumps
Topical term or geographic name entry element Horror
942 ## - ADDED ENTRY ELEMENTS (KOHA)
Source of classification or shelving scheme Dewey Decimal Classification
Koha item type Books
Suppress in OPAC No
Holdings
Withdrawn status Lost status Source of classification or shelving scheme Damaged status Not for loan Collection Home library Current library Shelving location Date acquired Total Checkouts Full call number Barcode Date last seen Copy number Price effective from Koha item type
    Dewey Decimal Classification     Juvenile Fiction Footprints International School Library Network Toul Tom Poung Campus Footprints International School Library Network Toul Tom Poung Campus TTP Primary Orange Bookshelves 07/01/2025   STI 813.54 PZ7 2025-1717 07/01/2025 1 07/01/2025 Books